| 000 | 00767nam a2200229Ia 4500 | ||
|---|---|---|---|
| 003 | GCL | ||
| 008 | 140319s9999 xx 000 0 ara d | ||
| 040 |
_aGCL / _cGCL |
||
| 082 | 0 | 4 |
_a911.62 _bع ج |
| 100 | 1 | _aعبدالفتاح وهبة | |
| 245 | 1 | 0 |
_aالجغرافيا التاريخية: دراسة اصولية واقليمية / _cعبدالفتاح وهبة |
| 260 |
_a[S.N] : _bمنشاة المعارف الاسلامية |
||
| 300 | _a458 ص | ||
| 490 | _a | ||
| 650 | 0 | 4 | _aمصر |
| 650 | 0 | 4 | _aالحضارة العربية الاسلامية - المعارف البحرية |
| 650 | 0 | 4 | _aسوريا |
| 650 | 0 | 4 | _aالجغرافيا الطبيعية |
| 650 | 0 | 4 | _aالعراق |
| 650 | 0 | 4 | _aالحضارة الفرعونية |
| 942 |
_2ddc _cBK |
||
| 999 |
_c58823 _d58823 |
||